000 01028nam a2200253 a 4500
001 000021715
005 20240307073947.0
008 100910s1977 dr 000 0 spa d
040 _aDO-SdBNP
_bspa
_cBNPHU
082 _a972.93
_bL258i
100 1 _aLandolfi, Ciriaco
_924264
245 1 0 _aIntroducción al estudio de la historia de la cultura dominicana /
_cCiriaco Landolfi.
260 _aSanto Domingo :
_bUASD,
_c1977.
300 _a337 p. ;
_c23 cm.
490 1 _aPublicaciones de la Universidad Autónoma de Santo Domingo
_v244
490 1 _aCultura y sociedad
_v1
500 _aIncluye referencias bibliográficas y notas al final de los capitulos
590 _aInventariado, 2019/VM
651 4 _aRepública Dominicana
_xHistoria
_9170
651 4 _aRepública Dominicana
_xCondiciones Sociales
_946
710 1 _aUniversidad Autónoma de Santo Domingo
_972951
830 0 _aPublicaciones de la Universidad Autónoma de Santo Domingo
_v244
_pCultura y sociedad
_n1
_945154
910 _aValidado. Control de calidad MFF
999 _c21214
_d21214